Score 0/195 Timer 06:00
3 Plays Today
% Correct
I
97.5%
I
97.4%
I
97.4%
I
97.4%
I
97.4%
I
97.4%
I
97.4%
I
97.4%
a
96.6%
son,
96.4%
son.
96.3%
son,
96.3%
son,
96.3%
son.
96.3%
son,
96.3%
fortunate
95.1%
fortunate
95.1%
fortunate
95.1%
fortunate
95.1%
fortunate
95.1%
the
93%
the
93%
the
93%
the
93%
the
93%
the
93%
the
93%
no
92%
no
92%
no.
92%
no
92%
no.
92%
no
92%
no.
92%
no
92%
no
92%
no
92%
no
92%
no
92%
no.
92%
no
92%
no
92%
no.
92%
no
91.7%
ain't
89.7%
ain't
89.7%
ain't
89.7%
ain't
89.7%
ain't
89.7%
ain't
89.7%
ain't
89.7%
ain't
89.7%
ain't
89.7%
ain't
89.7%
ain't
89.7%
ain't
89.7%
ain't
89.7%
ain't
89.7%
ain't
89.7%
ain't
89.7%
ain't
89.7%
ain't
89.7%
ain't
89.7%
ain't
89.7%
ain't
89.7%
% Correct
ain't
89.7%
ain't
89.7%
ain't
89.7%
me,
89.2%
me,
89.2%
me,
89.2%
me;
89.2%
me,
89.2%
me,
89.2%
me,
89.2%
me;
89.2%
me,
89.2%
me,
89.2%
me,
89.2%
me;
89.2%
me,
89.2%
me,
89.2%
me,
89.2%
me,
89.2%
It
88.6%
it
88.6%
It
88.6%
it
88.6%
It
88.6%
it
88.6%
It
88.6%
it
88.6%
It
88.6%
it
88.6%
It
88.6%
it
88.6%
It
88.6%
it
88.6%
It
88.6%
it
88.6%
to
85.8%
to
85.8%
to
85.8%
to
85.8%
and
85.3%
And
85.3%
And
85.3%
one,
84.2%
one,
84.2%
one,
84.2%
one.
84.2%
one,
84.2%
in
83.2%
are
79%
are
79%
Some
76.8%
Some
76.8%
Some
76.8%
you,
75.4%
you
75.4%
you
75.4%
born
73.3%
born,
73.3%
when
72.7%
when
72.7%
when
72.7%
red,
72.3%
white,
72.2%
blue.
72.2%
they
71.6%
% Correct
they
71.6%
they
71.6%
they
71.6%
flag.
71.3%
folks
69.7%
folks
69.7%
folks
69.7%
Ooh,
69.5%
Ooh,
69.5%
Ooh,
69.5%
Ooh,
69.5%
senator's
67.4%
we
66.6%
silver
65.3%
spoon
65.2%
hand.
63.1%
wave
62.5%
at
58.1%
made
56.8%
'Hail
56.1%
Chief',
55.7%
oh.
51%
them,
50.9%
point
49.1%
band
48.7%
'How
48.4%
plays
47.6%
But
46.4%
More!
46%
more!
46%
more!
46%
cannon
44.8%
comes
44.8%
taxman
43.6%
like
42.9%
war,
41.6%
door,
41.3%
give?'
40.5%
looks
40.4%
Lord.
40.2%
Lord,
40.2%
Lord,
40.2%
Lord.
40.2%
much
39.9%
ask
39.8%
should
39%
only
38.4%
military
38%
don't
37.7%
millionaire's
37.7%
star
36.7%
Yeah!
36.4%
sale,
36%
help
35.7%
rummage
35%
they're
34.5%
themselves,
34.3%
house
34.3%
spangled
33.7%
send
33.3%
eyes.
32.8%
answer
32.8%
down
32%
inherit
24.6%
yes.
19.8%
Remove Ads.
Support Sporcle.
Get the best of Sporcle when you Go Orange. This ad-free experience offers more features, more stats, and more fun while also helping to support Sporcle. Thank you for becoming a member.

You're not logged in!

Compare scores with friends on all Sporcle quizzes.
OR
Log In

Show Comments

Extras

Top Quizzes Today


Score Distribution

Your Account Isn't Verified!

In order to create a playlist on Sporcle, you need to verify the email address you used during registration. Go to your Sporcle Settings to finish the process.

Report this User

Report this user for behavior that violates our Community Guidelines.

Details: